000 01037nam a2200253Ia 4500
003 OSt
005 20220923211433.0
006 a|||||r|||| 00| 0
007 ta
008 220922b |||||||| |||| 00| 0 hin d
020 _a9789350001745 (hbk)
_c295
024 _a265,844
037 _b369, 17/02/2011, Vani Prakashan
_cTextual
040 _aARTS
_cARTS
_bhin
041 _2hin
_ahin
082 _aY15.44Q7, 152Q0
100 _aहिनी, ज़ाहिदा; सिद्दीक़ी, शकील, अनु.
_9160497
245 0 _aपाकिस्तानी स्त्री
_b यातना और संघर्ष
246 _aPākistānī strī: yātanā aur sangharṣha
260 _aनयी दिल्ली
_b वाणी प्रकाशन
_c2010
300 _a227पृ.
_ccm.
942 _hY15.44Q7, 152Q0
_cTEXL
_2CC
999 _c299509
_d299509